How Africa shaped the christian mind : (Record no. 9723)

MARC details
000 -LEADER
fixed length control field 00697cam a22002172 4500
001 - CONTROL NUMBER
control field 0000021558
005 - DATE AND TIME OF LATEST TRANSACTION
control field 20151217152236.0
008 - FIXED-LENGTH DATA ELEMENTS--GENERAL INFORMATION
fixed length control field 120720s xx 000 0 eng d
020 ## - INTERNATIONAL STANDARD BOOK NUMBER
International Standard Book Number 0830837052 :
040 ## - CATALOGING SOURCE
Original cataloging agency KABU
Transcribing agency KABU
100 1# - MAIN ENTRY--PERSONAL NAME
Personal name Oden, Thomas C.
-- 0000182471
245 10 - TITLE STATEMENT
Title How Africa shaped the christian mind :
Remainder of title rediscovering the African seedbed of western christianity /
Statement of responsibility, etc. Thomas C. Oden.
250 ## - EDITION STATEMENT
Edition statement 1st ed.
260 ## - PUBLICATION, DISTRIBUTION, ETC. (IMPRINT)
Place of publication, distribution, etc. Illinois :
Name of publisher, distributor, etc. IVP books,
Date of publication, distribution, etc. 2007.
300 ## - PHYSICAL DESCRIPTION
Extent 204 p.
610 20 - SUBJECT ADDED ENTRY--CORPORATE NAME
Corporate name or jurisdiction name as entry element Africa
General subdivision Church history.
-- 0000170348
650 #0 - SUBJECT ADDED ENTRY--TOPICAL TERM
Topical term or geographic name as entry element Christianity
Geographic subdivision Africa.
-- 0000148854
852 1# - LOCATION
-- p900 KES
908 ## - PUT COMMAND PARAMETER (RLIN)
Put command parameter 120720
950 ## - LOCAL HOLDINGS (RLIN)
-- 1
Holdings
Withdrawn status Lost status Source of classification or shelving scheme Not for loan Home library Current library Date acquired Total Checkouts Full call number Barcode Date last seen Price effective from Koha item type
    Library of Congress Classification   Kabarak, Main Campus Kabarak, Main Campus 17/12/2015   BR1360 .O34 2007 c.1 013520 02/08/2024 17/12/2015 General Collection
Designed with assistance from East African Informatics Ltd